Detalles MARC
| 000 -CABECERA |
| campo de control de longitud fija |
01735ngm a22004210a 4500 |
| 001 - NÚMERO DE CONTROL |
| campo de control |
PT13922 |
| 003 - IDENTIFICADOR DEL NÚMERO DE CONTROL |
| campo de control |
AR-LpoUNG |
| 005 - FECHA Y HORA DE LA ÚLTIMA TRANSACCIÓN |
| campo de control |
20210202000409.0 |
| 007 - CAMPO FIJO DE DESCRIPCIÓN FÍSICA--INFORMACIÓN GENERAL |
| campo de control de longitud fija |
vd cvaizq |
| 008 - DATOS DE LONGITUD FIJA--INFORMACIÓN GENERAL |
| campo de control de longitud fija |
191001s1999||||ag |||||||||||||||||spa d |
| 037 ## - FUENTE DE ADQUISICIÓN |
| Condiciones de disponibilidad |
$7.96 |
| 037 ## - FUENTE DE ADQUISICIÓN |
| Condiciones de disponibilidad |
$8.30 |
| 037 ## - FUENTE DE ADQUISICIÓN |
| Condiciones de disponibilidad |
$9,97 |
| 040 ## - FUENTE DE LA CATALOGACIÓN |
| Centro catalogador/agencia de origen |
AR-LpoUNG |
| Lengua de catalogación |
spa |
| Centro/agencia transcriptor |
AR-LpoUNG |
| Normas de descripción |
aacr |
| 041 ## - CÓDIGO DE LENGUA |
| Código de lengua del texto/banda sonora o título independiente |
spa |
| 044 ## - CÓDIGO DEL PAÍS DE LA ENTIDAD EDITORA/PRODUCTORA |
| Código MARC del país |
ag |
| 082 0# - NÚMERO DE LA CLASIFICACIÓN DECIMAL DEWEY |
| Número de clasificación |
982.064 391gar |
| 100 1# - ENTRADA PRINCIPAL--NOMBRE DE PERSONA |
| Nombre de persona |
Bechis, Marcos |
| Término indicativo de función/relación |
dir. |
| 245 10 - MENCIÓN DE TÍTULO |
| Título |
Garage olímpo |
| 260 ## - PUBLICACIÓN, DISTRIBUCIÓN, ETC. |
| Lugar de publicación, distribución, etc. |
San Luis : |
| Nombre del editor, distribuidor, etc. |
AVH, |
| Fecha de publicación, distribución, etc. |
[1999]. |
| 300 ## - DESCRIPCIÓN FÍSICA |
| Extensión |
VHS (98 min.) : son., col. |
| 505 0# - NOTA DE CONTENIDO CON FORMATO |
| Nota de contenido con formato |
Guión: Lara Fremder. |
| 520 ## - SUMARIO, ETC. |
| Sumario, etc. |
Durante la dictadura militar, María vive con su madre, en una casa en decadencia con algunas habitaciones alquiladas y en una de ellas vive Félix, un joven tímido, enamorado de María, y que según el, trabaja de vigilante en un garaje. María trabaja en un barrio pobre, enseñando a leer y escribir, y además, es activista de una pequeña organización opuesta a la Dictadura militar. Una mañana, una brigada de soldados detiene a María, es llevada al interior del Garage Olimpo, una de las numerosas zonas de tortura usadas por los militares ante la indiferencia e ignorancia general. Tigre, encargado del centro, designa a uno de sus mejores hombres para hacer el interrogatorio. Esa persona es Félix, su inquilino. |
| 650 #4 - PUNTO DE ACCESO ADICIONAL DE MATERIA--TÉRMINO DE MATERIA |
| Término de materia o nombre geográfico como elemento de entrada |
ARGENTINA |
| 650 #4 - PUNTO DE ACCESO ADICIONAL DE MATERIA--TÉRMINO DE MATERIA |
| Término de materia o nombre geográfico como elemento de entrada |
ASPECTOS POLITICOS |
| 650 #4 - PUNTO DE ACCESO ADICIONAL DE MATERIA--TÉRMINO DE MATERIA |
| Término de materia o nombre geográfico como elemento de entrada |
CAMPOS DE CONCENTRACION |
| 650 #4 - PUNTO DE ACCESO ADICIONAL DE MATERIA--TÉRMINO DE MATERIA |
| Término de materia o nombre geográfico como elemento de entrada |
COMPORTAMIENTO POLITICO |
| 650 #4 - PUNTO DE ACCESO ADICIONAL DE MATERIA--TÉRMINO DE MATERIA |
| Término de materia o nombre geográfico como elemento de entrada |
DEMOCRACIA |
| 650 #4 - PUNTO DE ACCESO ADICIONAL DE MATERIA--TÉRMINO DE MATERIA |
| Término de materia o nombre geográfico como elemento de entrada |
DICTADURA |
| 650 #4 - PUNTO DE ACCESO ADICIONAL DE MATERIA--TÉRMINO DE MATERIA |
| Término de materia o nombre geográfico como elemento de entrada |
FUERZAS ARMADAS |
| 650 #4 - PUNTO DE ACCESO ADICIONAL DE MATERIA--TÉRMINO DE MATERIA |
| Término de materia o nombre geográfico como elemento de entrada |
GOBIERNO MILITAR |
| 650 #4 - PUNTO DE ACCESO ADICIONAL DE MATERIA--TÉRMINO DE MATERIA |
| Término de materia o nombre geográfico como elemento de entrada |
HISTORIA SOCIAL |
| 650 #4 - PUNTO DE ACCESO ADICIONAL DE MATERIA--TÉRMINO DE MATERIA |
| Término de materia o nombre geográfico como elemento de entrada |
TORTURA |
| 653 ## - TÉRMINO DE INDIZACIÓN--NO CONTROLADO |
| Término no controlado |
CINE ARGENTINO |
| 653 ## - TÉRMINO DE INDIZACIÓN--NO CONTROLADO |
| Término no controlado |
VIDEOS |
| 905 ## - ELEMENTOS DE DATOS E LOCAL, LDE (RLIN) |
| a |
13922 |
| 942 ## - ELEMENTOS DE PUNTO DE ACCESO ADICIONAL (KOHA) |
| Tipo de ítem Koha |
Video |